000 00533nam a22001937a 4500
003 OSt
005 20180116183030.0
008 151218b xxu||||| |||| 00| 0 eng d
020 _a03-818-2005-1
024 _203-818-2005-1
040 _cLahore LUMS
082 _a174.4 LUM 2005
100 _aAsad U, Rana A I
245 _aPRONTO PROMOTIONALS
_cAsad U, Rana A I
260 _aLahore LUMS
_b Lahore University of Management Sciences
_c2005
300 _a24 p.
_bPapers
440 _aPRONTO PROMOTIONALS
942 _2ddc
_cREF
999 _c350974
_d350974